Présidents de la république française par indices 2 (Difficile) - Statistiques

Statistiques générales
  • Ce quiz a été pris 78 fois
  • Le résultat moyen est 7 sur 11
Statistiques - réponses
Indices Réponse % Correct
J'ai mis en place la réforme des retraites, j'ai également géré les gilets jaunes et le Covid. Emmanuel Macron
100%
J'ai pris trois ans de prison, dont un an ferme à purger sous bracelet électronique pour corruption et trafic d'influence dans l'affaire dite des « écoutes ». J'ai également été condamné à un an de prison ferme pour financement illégal de sa campagne présidentielle. Nicolas Sarkozy
92%
J'ai abaissé l'âge de la majorité de 21 à 18 ans. J'ai lancé ce qui s’appelait l’écu et qui allait devenir l’euro avec mon ami le chancelier allemand Helmut Schmidt. J'ai mis sur les rails le TGV. Mis en service le Concorde en 1976. Valery Giscard d'Estaing
92%
Je suis simplement connu pour mon niveau médiocre dans la langue de Shakespeare. François Hollande
86%
J'ai dit cette phrase connue "C'est beau mais c'est loin". Jacques Chirac
78%
Je devint président à cause de ma prostate. Devant me faire opérer, j'avait été absent du Conseil de la République au moment du vote sur la CED. Je suis "l'ami" selon OSS 117. René Coty
68%
Je suis le cousin d'un grand mathématicien français, et je dois gérer la Première Guerre Mondiale. Raymond Poincaré
58%
Je suis au pouvoir jusqu'a la Seconde Guerre Mondiale. Albert Lebrun
46%
J'ai fait de La Marseillaise l'hymne de la France et du 14 juillet sa fête nationale. Jules Grévy
39%
Je démissionne au bout de 4 ans alors que mon mandat devait durer 7 ans. Je gère également la société d'après-guerre Alexandre Millerand
36%
Je met fin à l’Affaire Dreyfus en 1906, fait entrer les cendres d’Emile Zola au Panthéon en 1908, me montre opposé à la peine de mort en graciant les condamnés. Armand Fallières
33%
Aucun quiz correspondant
Distribution des résultats
% des personnes avec chaque résultat
Percentile par nombre de réponses
Votre historique - résultats
Vous n’avez pas pris ce quiz